000 00221 a2200097 4500
001 25391
100 _aHardiman, N J
245 _aExploring University Mathematics-I
260 _a
_bPergamon
_c1967
090 _c17138
_d17138
942 _aNUST-CAE
_cM
_c7934
999 _c260464
_d260464